Les phrases qui ont marqué l'histoire - Statistiques

Statistiques générales
  • Ce quiz a été pris 113 fois
  • Le résultat moyen est 6 sur 15
Statistiques - réponses
Citation Réponse % Correct
"J'ai fait un rêve..." Martin Luther King
96%
“Je suis venu, j'ai vu, j'ai vaincu” Jules César
83%
"La non-violence et mon acte de foi mais c'est aussi le dernier article de mon credo" Gandhi
79%
“Tout corps plongé dans un liquide subit une poussée verticale vers le haut égale au poids du volume de liquide déplacé” Archimède
68%
“Rien ne sert de courir, il faut partir à point” Jean de la Fontaine
60%
“La fin de l’espoir est le commencement de la mort” Charles de Gaulle
51%
“Je suis toujours prêt à apprendre, bien que je n'aime pas toujours qu'on me donne des leçons” Winston Churchill
47%
"Si vous désirez la sympathie des masses, vous devez leur dire les choses les plus stupides et les plus crues" Adolf Hitler
35%
"La vie c'est comme un bicyclette, il faut avancer pour ne pas perdre l'équilibre" Albert Einstein
33%
“Il faut manger pour vivre et non pas vivre pour manger” Molière
24%
"Nous devons mettre un terme à la guerre, ou la guerre mettra un terme à l'humanité" John F. Kennedy
22%
"C'est une triste chose de penser que la nature parle et que le genre humain n'écoute pas" Victor Hugo
13%
"La prospérité est le lien de l'amour" William Shakespeare
4%
“Les conséquences d'un acte sont incluses dans l'acte lui-même.” George Orwell
2%
“On gouverne mieux les hommes par leurs vices que par leurs vertus” Napoléon 1er
1%
Aucun quiz correspondant
Distribution des résultats
% des personnes avec chaque résultat
Percentile par nombre de réponses
Votre historique - résultats
Vous n’avez pas pris ce quiz